<?xml version="1.0" encoding="UTF-8"?>
<collection xmlns="http://www.loc.gov/MARC21/slim">
 <record>
  <leader>01344nam a2200217 a 4500</leader>
  <controlfield tag="001">1/45517</controlfield>
  <controlfield tag="008">140929s2014    lu d         n001 0 gre d</controlfield>
  <datafield tag="020" ind1=" " ind2=" ">
   <subfield code="a">9789287209535</subfield>
  </datafield>
  <datafield tag="035" ind1=" " ind2=" ">
   <subfield code="l">48477</subfield>
  </datafield>
  <datafield tag="040" ind1=" " ind2=" ">
   <subfield code="a">GR-PeUP</subfield>
  </datafield>
  <datafield tag="082" ind1="0" ind2="0">
   <subfield code="a">ΚΕΤ 352.439 ΚΕΝ</subfield>
  </datafield>
  <datafield tag="245" ind1="0" ind2="0">
   <subfield code="a">Κενά, αλληλεπικαλύψεις και προκλήσεις :</subfield>
   <subfield code="b">πανοραμική επισκόπηση των ρυθμίσεων της ΕΕ σχετικά με τη λογοδοσία και τον δημόσιο έλεγχο /</subfield>
   <subfield code="c">Ευρωπαϊκό Ελεγκτικό Συνέδριο.</subfield>
  </datafield>
  <datafield tag="260" ind1=" " ind2=" ">
   <subfield code="a">Λουξεμβούργο :</subfield>
   <subfield code="b">Υπηρεσία Εκδόσεων της Ευρωπαϊκής Ένωσης ,</subfield>
   <subfield code="c">2014.</subfield>
  </datafield>
  <datafield tag="300" ind1=" " ind2=" ">
   <subfield code="a">70 σ. :</subfield>
   <subfield code="b">πιν. ;</subfield>
   <subfield code="c">30 εκ.</subfield>
  </datafield>
  <datafield tag="546" ind1=" " ind2=" ">
   <subfield code="a">Ελληνική.</subfield>
  </datafield>
  <datafield tag="650" ind1=" " ind2="4">
   <subfield code="a">Δημόσια οικονομική</subfield>
   <subfield code="x">Έλεγχος</subfield>
   <subfield code="z">Ευρωπαϊκή Ένωση, Χώρες της.</subfield>
  </datafield>
  <datafield tag="710" ind1="2" ind2=" ">
   <subfield code="a">Ευρωπαϊκό Ελεγκτικό Συνέδριο.</subfield>
  </datafield>
  <datafield tag="710" ind1="2" ind2=" ">
   <subfield code="a">Υπηρεσία Εκδόσεων της Ευρωπαϊκής Ένωσης.</subfield>
  </datafield>
  <datafield tag="852" ind1=" " ind2=" ">
   <subfield code="a">INST</subfield>
   <subfield code="b">UNIPILB</subfield>
   <subfield code="c">KET</subfield>
   <subfield code="e">20140929</subfield>
   <subfield code="h">ΚΕΤ 352.439 ΚΕΝ</subfield>
   <subfield code="p">00172033</subfield>
   <subfield code="q">00172033</subfield>
   <subfield code="t">LOAN</subfield>
   <subfield code="y">0</subfield>
   <subfield code="4">1</subfield>
  </datafield>
  <datafield tag="856" ind1="4" ind2="1">
   <subfield code="u">http://bookshop.europa.eu/el/--pbQJ0214776/?CatalogCategoryID=NtYKABstgQIAAAEjIIkY4e5K</subfield>
  </datafield>
  <datafield tag="856" ind1="4" ind2="1">
   <subfield code="u">http://dx.doi.org/10.2865/18105</subfield>
  </datafield>
 </record>
</collection>
